[Event "Santiago de Compostela Bicapawn GP B4"]
[Site "Santiago de Compostela"]
[Date "2022.10.21"]
[Round "5"]
[White "Pazos Porta, Antonio"]
[Black "Grigoryan, Karen H"]
[Result "0-1"]
[WhiteElo "2401"]
[BlackElo "2617"]
[PlyCount "92"]
[EventDate "2022.10.21"]
[EventType "swiss (blitz)"]
[EventRounds "9"]
[EventCountry "ESP"]
[SourceTitle "CBM 210 Extra"]
[Source "ChessBase"]
[SourceDate "2022.11.30"]
[SourceVersion "1"]
[SourceVersionDate "2022.11.30"]
[SourceQuality "1"]

1. c4 g6 2. g3 Bg7 3. Bg2 Nf6 4. Nc3 0-0 5. d3 c6 6. e4 d6 7. Nge2 e5 8. h3 Na6 9. 0-0 Nc5 10. Be3 b6 11. Qd2 Bb7 12. Rad1 d5 13. Bxc5 bxc5 14. Na4 Nd7 15. Qc2 d4 16. f4 a5 17. f5 Bh6 18. g4 Be3+ 19. Kh1 Qh4 20. Ng1 h5 21. gxh5 Qxh5 22. Bf3 Qh6 23. Bg4 Nf6 24. Qg2 Bc8 25. Nb6 Nxg4 26. Qxg4 Rb8 27. Nxc8 Rbxc8 28. fxg6 Qxg6 29. Ne2 Kh7 30. Qxg6+ fxg6 31. Kg2 Kg7 32. Ng3 Rfe8 33. Rb1 Rb8 34. Rfd1 a4 35. Nf1 Bf4 36. Ng3 Re7 37. Ne2 Be3 38. b3 Reb7 39. Ra1 axb3 40. axb3 Rxb3 41. Ra7+ Kh6 42. Ng3 Rb2+ 43. Kf3 Rf8+ 44. Nf5+ gxf5 45. exf5 Rf2+ 46. Ke4 R8xf5 0-1

[Event "Titled Tuesday intern op 09th Feb"]
[Site "Chess.com INT"]
[Date "2021.02.09"]
[Round "1"]
[White "Fiorito, Fabian"]
[Black "Pazos Porta, Antonio"]
[Result "0-1"]
[WhiteElo "2380"]
[BlackElo "2373"]
[PlyCount "110"]
[EventDate "2021.02.09"]
[EventType "swiss (blitz)"]
[EventRounds "11"]
[EventCountry "USA"]
[SourceTitle "EXT 2022"]
[Source "ChessBase"]
[SourceDate "2021.10.06"]
[SourceVersion "1"]
[SourceVersionDate "2021.10.06"]
[SourceQuality "1"]

1. e4 e6 2. d4 d5 3. Nd2 Nf6 4. e5 Nfd7 5. Bd3 c5 6. c3 Nc6 7. Ngf3 Be7 8. 0-0 g5 9. Qe2 g4 10. Ne1 cxd4 11. cxd4 Nxd4 12. Qxg4 Nc6 13. f4 Nc5 14. Bc2 Qb6 15. Kh1 Bd7 16. Nef3 0-0-0 17. Nb3 Nb4 18. Bd1 Ne4 19. Nfd4 Rhg8 20. Qf3 Kb8 21. Be3 Qa6 22. Be2 Qa4 23. Rfd1 Rc8 24. Qf1 Nc2 25. Nxc2 Rxc2 26. Nd4 Rxb2 27. Rab1 Rxb1 28. Rxb1 Nc3 29. Rb3 Nxe2 30. Qxe2 Bc5 31. Qb2 b6 32. h3 Qc4 33. Kh2 Ba4 34. Rc3 Bxd4 35. Bxd4 Qf1 36. Rf3 Qb5 37. Qd2 Qc4 38. Bc3 Qe4 39. Re3 Qxf4+ 40. g3 Qc4 41. Bd4 Bb5 42. Re1 Rc8 43. Qg2 Qc2 44. Bf2 Qxa2 45. Re3 Rc2 46. Rf3 Bd3 47. Rxf7 Bf5 48. Rf8+ Kb7 49. Kg1 Be4 50. Qf1 Qb2 51. Rf7+ Kc6 52. Be1 Rg2+ 53. Kh1 Rf2+ 54. Rf3 Rxf3 55. Qa6 Rf1# 0-1

[Event "Titled Tuesday intern op 09th Feb"]
[Site "Chess.com INT"]
[Date "2021.02.09"]
[Round "9"]
[White "Pazos Porta, Antonio"]
[Black "Lizlov, Alexey"]
[Result "1-0"]
[WhiteElo "2373"]
[BlackElo "2304"]
[PlyCount "59"]
[EventDate "2021.02.09"]
[EventType "swiss (blitz)"]
[EventRounds "11"]
[EventCountry "USA"]
[SourceTitle "EXT 2022"]
[Source "ChessBase"]
[SourceDate "2021.10.06"]
[SourceVersion "1"]
[SourceVersionDate "2021.10.06"]
[SourceQuality "1"]

1. e4 c5 2. Nf3 Nc6 3. d4 cxd4 4. Nxd4 Nf6 5. Nc3 d6 6. Bg5 e6 7. Qd2 a6 8. 0-0-0 h6 9. Nxc6 bxc6 10. Bf4 d5 11. Bd3 Be7 12. g4 Qa5 13. Kb1 d4 14. Nd5 Qxd2 15. Nxf6+ gxf6 16. Bxd2 c5 17. f4 Bb7 18. h4 c4 19. Bxc4 Bxe4 20. Rhf1 f5 21. Bd3 Bxd3 22. cxd3 fxg4 23. f5 Bxh4 24. fxe6 fxe6 25. Rf4 0-0-0 26. Rxg4 Bf6 27. Rg6 Rdf8 28. Bxh6 Rf7 29. Rf1 Kd7 30. Rfxf6 1-0

[Event "Titled Tuesday intern op 09th Feb"]
[Site "Chess.com INT"]
[Date "2021.02.09"]
[Round "3"]
[White "Pazos Porta, Antonio"]
[Black "Muminova, Nafisa"]
[Result "1-0"]
[WhiteElo "2373"]
[BlackElo "2274"]
[PlyCount "85"]
[EventDate "2021.02.09"]
[EventType "swiss (blitz)"]
[EventRounds "11"]
[EventCountry "USA"]
[SourceTitle "EXT 2022"]
[Source "ChessBase"]
[SourceDate "2021.10.06"]
[SourceVersion "1"]
[SourceVersionDate "2021.10.06"]
[SourceQuality "1"]

1. c4 e5 2. g3 Nc6 3. Bg2 Bc5 4. e3 d6 5. Nc3 a6 6. Nf3 f5 7. d4 exd4 8. exd4 Ba7 9. 0-0 Nge7 10. d5 Ne5 11. Re1 0-0 12. Nxe5 dxe5 13. Rxe5 Ng6 14. Re1 f4 15. Rf1 fxg3 16. hxg3 Bf5 17. Be3 Bxe3 18. fxe3 Qg5 19. Qe1 Ne5 20. Ne4 Bxe4 21. Bxe4 Rxf1+ 22. Kxf1 Rf8+ 23. Kg2 Qg4 24. Bc2 Qxc4 25. Rc1 Nf3 26. Bxh7+ Kxh7 27. Qh1+ Nh4+ 28. Qxh4+ Qxh4 29. gxh4 Rf7 30. Kg3 Kg6 31. e4 Re7 32. Kf4 Kf6 33. Rg1 c6 34. d6 Rf7 35. e5+ Ke6+ 36. Ke4 Kd7 37. h5 c5 38. Kd5 Kd8 39. Rg5 b5 40. e6 Rf1 41. Rxg7 Rd1+ 42. Kc6 Rc1 43. Rg8# 1-0

[Event "Titled Tuesday intern op 02nd Feb"]
[Site "Chess.com INT"]
[Date "2021.02.02"]
[Round "7"]
[White "Ozen, Bahadir"]
[Black "Pazos Porta, Antonio"]
[Result "1/2-1/2"]
[WhiteElo "2369"]
[BlackElo "2373"]
[PlyCount "143"]
[EventDate "2021.02.02"]
[EventType "swiss (blitz)"]
[EventRounds "11"]
[EventCountry "USA"]
[SourceTitle "CBM 200 Extra"]
[Source "ChessBase"]
[SourceDate "2021.03.31"]
[SourceVersion "1"]
[SourceVersionDate "2021.03.31"]
[SourceQuality "1"]

1. g3 g6 2. Bg2 Bg7 3. d3 c5 4. Nf3 Nc6 5. 0-0 d6 6. c3 Nf6 7. d4 0-0 8. dxc5 dxc5 9. Nbd2 Be6 10. Re1 Qd7 11. Ng5 Rfd8 12. Nxe6 Qxe6 13. Qb3 Qd7 14. Nc4 Rac8 15. a4 b6 16. h3 Qe6 17. Qa2 Ne4 18. Bf4 Nxc3 19. bxc3 Bxc3 20. Rec1 Bxa1 21. Rxa1 Nb4 22. Qb3 Rd4 23. Rc1 Rcd8 24. Be3 R4d7 25. Kh2 h5 26. h4 Nd5 27. Bh3 f5 28. Bg5 Qxe2 29. Rc2 Qe6 30. Ne3 Nf4 31. Qxe6+ Nxe6 32. Nc4 Nxg5 33. hxg5 Rd4 34. Bg2 Kg7 35. Bf1 h4 36. f4 hxg3+ 37. Kxg3 Rd1 38. Be2 Rb1 39. Ne5 Rb3+ 40. Kg2 Rd4 41. Bc4 Ra3 42. Bb5 Rxf4 43. Rd2 Re4 44. Nc4 Rc3 45. Rd7 Rexc4 46. Bxc4 Rxc4 47. Rxe7+ Kf8 48. Rxa7 Rc2+ 49. Kf3 Rc4 50. Ra6 Rb4 51. a5 bxa5 52. Rxg6 a4 53. Rf6+ Ke7 54. Rxf5 Kd6 55. g6 Rb8 56. Rf4 Ra8 57. g7 Rg8 58. Rxa4 Rxg7 59. Ke3 Kd5 60. Kd3 Rg3+ 61. Kd2 c4 62. Ra8 Rd3+ 63. Kc2 Rh3 64. Kd2 Kd4 65. Rd8+ Kc5 66. Rc8+ Kb4 67. Kc2 Kb5 68. Rb8+ Kc5 69. Rc8+ Kd4 70. Rd8+ Kc5 71. Rc8+ Kd4 72. Rd8+ 1/2-1/2

[Event "Titled Tuesday intern op 02nd Feb"]
[Site "Chess.com INT"]
[Date "2021.02.02"]
[Round "6"]
[White "Pazos Porta, Antonio"]
[Black "Orantes Taboada, Francisco"]
[Result "1-0"]
[WhiteElo "2373"]
[BlackElo "2286"]
[PlyCount "139"]
[EventDate "2021.02.02"]
[EventType "swiss (blitz)"]
[EventRounds "11"]
[EventCountry "USA"]
[SourceTitle "CBM 200 Extra"]
[Source "ChessBase"]
[SourceDate "2021.03.31"]
[SourceVersion "1"]
[SourceVersionDate "2021.03.31"]
[SourceQuality "1"]

1. e4 c5 2. Nf3 Nc6 3. d4 cxd4 4. Nxd4 g6 5. Nc3 Bg7 6. Nde2 Nf6 7. g3 0-0 8. Bg2 d6 9. 0-0 Rb8 10. a4 b6 11. Nd5 Bb7 12. Bg5 Nxd5 13. exd5 Ne5 14. Ra2 Qd7 15. b3 e6 16. c4 exd5 17. cxd5 Qf5 18. Be7 Nf3+ 19. Bxf3 Qxf3 20. Nf4 Qxd1 21. Rxd1 Rfe8 22. Bxd6 Rbd8 23. Bc7 Rd7 24. d6 Be5 25. Re1 Kf8 26. Rae2 f6 27. Nd3 Ba6 28. Nxe5 fxe5 29. Rxe5 Rxe5 30. Rxe5 Kf7 31. f4 Kf6 32. Kf2 Bb7 33. g4 Bc6 34. Ke3 Rf7 35. h3 Kg7 36. f5 Bd7 37. Kf4 gxf5 38. gxf5 Kf6 39. Bd8+ Kg7 40. f6+ Kg6 41. Rg5+ Kh6 42. h4 a6 43. Be7 b5 44. axb5 axb5 45. b4 Bc6 46. Ke5 Bd7 47. Kd5 Be6+ 48. Kc5 Bd7 49. Re5 Kg6 50. Kb6 Kh6 51. Kc7 Bg4 52. d7 Bxd7 53. Kxd7 Kg6 54. Ke6 Kh6 55. Rxb5 Rxf6+ 56. Bxf6 Kg6 57. Rg5+ Kh6 58. Rg7 Kh5 59. Rxh7+ Kg4 60. Rf7 Kh5 61. b5 Kg6 62. b6 Kh6 63. b7 Kh5 64. b8Q Kg4 65. Qg8+ Kf4 66. Be7+ Ke4 67. Qg4+ Kd3 68. Rf3+ Kd2 69. Qg2+ Ke1 70. Rf1# 1-0

[Event "Titled Tuesday intern op 02nd Feb"]
[Site "Chess.com INT"]
[Date "2021.02.02"]
[Round "8"]
[White "Pazos Porta, Antonio"]
[Black "Shahaliyev, Ismayil Bahram"]
[Result "1-0"]
[WhiteElo "2373"]
[BlackElo "2413"]
[PlyCount "115"]
[EventDate "2021.02.02"]
[EventType "swiss (blitz)"]
[EventRounds "11"]
[EventCountry "USA"]
[SourceTitle "CBM 200 Extra"]
[Source "ChessBase"]
[SourceDate "2021.03.31"]
[SourceVersion "1"]
[SourceVersionDate "2021.03.31"]
[SourceQuality "1"]

1. c4 e5 2. g3 Nf6 3. Bg2 c6 4. Nc3 Be7 5. Nf3 d6 6. 0-0 0-0 7. d3 Nbd7 8. Rb1 a5 9. a3 d5 10. cxd5 cxd5 11. d4 e4 12. Ne5 Nb6 13. Nb5 a4 14. Bg5 Bd7 15. Nc3 h6 16. Bxf6 Bxf6 17. Nxd7 Qxd7 18. e3 Nc4 19. h4 b5 20. Kh2 Rfb8 21. Bh3 Qd6 22. Qh5 Nd2 23. Qxd5 Nxf1+ 24. Rxf1 Qxd5 25. Nxd5 Bd8 26. Bf5 Ra6 27. Rc1 Ba5 28. Bxe4 Re6 29. Bd3 Rd6 30. Nb4 Bxb4 31. axb4 Ra6 32. Rc5 a3 33. bxa3 Rxa3 34. Bxb5 Rb3 35. Bc4 R3xb4 36. Rc7 Rf8 37. Kg2 g6 38. Kf3 Kg7 39. g4 Kf6 40. Kf4 g5+ 41. hxg5+ hxg5+ 42. Kf3 Kg6 43. e4 Ra4 44. e5 Ra3+ 45. Ke4 Ra1 46. Bd3 Re1+ 47. Kd5+ Kh6 48. Rd7 Rg1 49. f3 Rd1 50. Be4 Rb8 51. Rxf7 Rd8+ 52. Ke6 Rh8 53. d5 Re8+ 54. Kd7 Rxd5+ 55. Bxd5 Rxe5 56. Rf6+ Kg7 57. Rd6 Re3 58. Be4 1-0

[Event "Titled Tuesday intern op 26th Jan"]
[Site "Chess.com INT"]
[Date "2021.01.26"]
[Round "10"]
[White "Chernomordik, Pavel"]
[Black "Pazos Porta, Antonio"]
[Result "0-1"]
[WhiteElo "2177"]
[BlackElo "2373"]
[PlyCount "122"]
[EventDate "2021.01.26"]
[EventType "swiss (blitz)"]
[EventRounds "11"]
[EventCountry "USA"]
[SourceTitle "CBM 200 Extra"]
[Source "ChessBase"]
[SourceDate "2021.03.31"]
[SourceVersion "1"]
[SourceVersionDate "2021.03.31"]
[SourceQuality "1"]

1. e4 c5 2. Nc3 Nc6 3. Bb5 Nd4 4. Bc4 e6 5. Nge2 Nxe2 6. Qxe2 a6 7. a4 Ne7 8. 0-0 Nc6 9. d3 Nd4 10. Qd1 Be7 11. f4 Rb8 12. f5 d6 13. fxe6 Bxe6 14. Bxe6 fxe6 15. Be3 Bf6 16. Rf2 0-0 17. Qg4 b5 18. axb5 axb5 19. Raf1 Qe7 20. Kh1 b4 21. Nd1 Nc6 22. Bf4 Bd4 23. Be3 Ne5 24. Rxf8+ Rxf8 25. Rxf8+ Kxf8 26. Qf4+ Kg8 27. h3 Ng6 28. Qf2 Bf6 29. Bc1 Bh4 30. Qf3 Ne5 31. Qf1 Bg5 32. Nf2 Qf6 33. Bxg5 Qxg5 34. Qd1 Qe3 35. Kg1 b3 36. c3 h6 37. Kf1 Kh7 38. Qxb3 Nxd3 39. Nxd3 Qxd3+ 40. Kg1 Qxe4 41. Qb6 Qe1+ 42. Kh2 Qe5+ 43. Kg1 c4 44. Qc6 Qe3+ 45. Kh1 d5 46. Qd6 Qe2 47. Qd7 Qxb2 48. Qxe6 Qb1+ 49. Kh2 Qd3 50. Qe5 Kg6 51. Qe6+ Kh7 52. Qe5 d4 53. cxd4 c3 54. d5 c2 55. Qc7 Qd2 56. Qf7 c1Q 57. Qf5+ Kg8 58. Qe6+ Kf8 59. Qd6+ Ke8 60. Qe6+ Kd8 61. d6 Qf4+ 0-1

[Event "Titled Tuesday intern op 12th Jan"]
[Site "Chess.com INT"]
[Date "2021.01.12"]
[Round "11"]
[White "Arakhamia Grant, Ketevan"]
[Black "Pazos Porta, Antonio"]
[Result "1-0"]
[WhiteElo "2380"]
[BlackElo "2373"]
[PlyCount "105"]
[EventDate "2021.01.12"]
[EventType "swiss (blitz)"]
[EventRounds "11"]
[EventCountry "USA"]
[SourceTitle "CBM 200 Extra"]
[Source "ChessBase"]
[SourceDate "2021.03.31"]
[SourceVersion "1"]
[SourceVersionDate "2021.03.31"]
[SourceQuality "1"]

1. e4 e6 2. d4 d5 3. Nc3 Nf6 4. e5 Nfd7 5. f4 c5 6. Nf3 Nc6 7. Be3 Be7 8. Qd2 0-0 9. Be2 f6 10. exf6 Nxf6 11. dxc5 Qa5 12. 0-0-0 Bxc5 13. Bxc5 Qxc5 14. Ne5 Nxe5 15. fxe5 Nd7 16. Rhf1 Nxe5 17. Rxf8+ Qxf8 18. Nxd5 exd5 19. Qxd5+ Nf7 20. Bc4 Bg4 21. Rf1 Rd8 22. Rxf7 Rxd5 23. Rxf8+ Kxf8 24. Bxd5 b6 25. Kd2 Ke7 26. Ke3 Kd6 27. Kd4 Bf5 28. c4 h6 29. b4 Bb1 30. a3 a5 31. c5+ Kc7 32. Ke5 axb4 33. axb4 bxc5 34. bxc5 Kd7 35. Be4 Ba2 36. Kf5 Bf7 37. g3 Ke7 38. Ke5 Kd7 39. h4 Ba2 40. Bd5 Bb1 41. c6+ Kc7 42. Ke6 Bg6 43. Ke7 Bh5 44. Kf8 g5 45. Kg7 gxh4 46. gxh4 Be8 47. Kxh6 Kd6 48. Bf3 Ke5 49. Kg7 Kf4 50. c7 Bd7 51. h5 Kxf3 52. h6 Kf4 53. h7 1-0

[Event "Titled Tuesday intern op 12th Jan"]
[Site "Chess.com INT"]
[Date "2021.01.12"]
[Round "3"]
[White "Langner, Ladislav"]
[Black "Pazos Porta, Antonio"]
[Result "0-1"]
[WhiteElo "2380"]
[BlackElo "2373"]
[PlyCount "68"]
[EventDate "2021.01.12"]
[EventType "swiss (blitz)"]
[EventRounds "11"]
[EventCountry "USA"]
[SourceTitle "CBM 200 Extra"]
[Source "ChessBase"]
[SourceDate "2021.03.31"]
[SourceVersion "1"]
[SourceVersionDate "2021.03.31"]
[SourceQuality "1"]

1. e4 e6 2. d4 d5 3. e5 c5 4. c3 Qb6 5. Nf3 Nc6 6. a3 c4 7. Nbd2 Na5 8. Be2 Bd7 9. Nf1 0-0-0 10. Ne3 f5 11. exf6 gxf6 12. 0-0 Bd6 13. Nh4 Kb8 14. f4 f5 15. g3 Nf6 16. Nf3 Ne4 17. Ne5 Be8 18. Bf3 h5 19. Bxe4 dxe4 20. h4 Rg8 21. Kh2 Qc7 22. Qe2 Qg7 23. Rg1 Bxe5 24. dxe5 Rd3 25. Bd2 Ba4 26. Rae1 Rgd8 27. Bc1 Qg6 28. Rg2 b5 29. Nf1 Bd1 30. Qf2 Bf3 31. Rg1 Nb3 32. Be3 Qg7 33. Bc5 Nxc5 34. Qxc5 Rd2+ 0-1

[Event "Titled Tuesday intern op 12th Jan"]
[Site "Chess.com INT"]
[Date "2021.01.12"]
[Round "2"]
[White "Pazos Porta, Antonio"]
[Black "Tomashevsky, Evgeny"]
[Result "0-1"]
[WhiteElo "2373"]
[BlackElo "2706"]
[PlyCount "54"]
[EventDate "2021.01.12"]
[EventType "swiss (blitz)"]
[EventRounds "11"]
[EventCountry "USA"]
[SourceTitle "CBM 200 Extra"]
[Source "ChessBase"]
[SourceDate "2021.03.31"]
[SourceVersion "1"]
[SourceVersionDate "2021.03.31"]
[SourceQuality "1"]

1. c4 Nf6 2. Nc3 e5 3. g3 Bb4 4. Bg2 0-0 5. Qc2 Re8 6. a3 Bxc3 7. Qxc3 d5 8. cxd5 Nxd5 9. Qc2 Nc6 10. e3 Be6 11. Ne2 Qd7 12. 0-0 Bh3 13. Nc3 Bxg2 14. Kxg2 Rad8 15. b4 Nxc3 16. dxc3 e4 17. c4 Qg4 18. Bb2 Ne7 19. Rad1 Nf5 20. h3 Qf3+ 21. Kh2 h5 22. Rd5 c6 23. Rxd8 Rxd8 24. Qc3 f6 25. c5 Nxg3 26. fxg3 Qxf1 27. Qc4+ Qxc4 0-1

[Event "Titled Tuesday intern op 12th Jan"]
[Site "Chess.com INT"]
[Date "2021.01.12"]
[Round "8"]
[White "Yao, Houji"]
[Black "Pazos Porta, Antonio"]
[Result "0-1"]
[WhiteElo "2035"]
[BlackElo "2373"]
[PlyCount "86"]
[EventDate "2021.01.12"]
[EventType "swiss (blitz)"]
[EventRounds "11"]
[EventCountry "USA"]
[SourceTitle "CBM 200 Extra"]
[Source "ChessBase"]
[SourceDate "2021.03.31"]
[SourceVersion "1"]
[SourceVersionDate "2021.03.31"]
[SourceQuality "1"]

1. e4 c5 2. Nf3 e6 3. d4 cxd4 4. Nxd4 a6 5. Bd3 Nf6 6. 0-0 Qc7 7. Qe2 Bd6 8. h3 Nc6 9. Nxc6 dxc6 10. c4 e5 11. Nc3 Be6 12. b3 Nd7 13. Bb2 0-0 14. Rad1 Bc5 15. Kh1 Bd4 16. Na4 b5 17. Nc3 Nc5 18. cxb5 axb5 19. Nxb5 cxb5 20. Bxd4 exd4 21. Bxb5 Qa5 22. Rxd4 Qxa2 23. b4 Qxe2 24. Bxe2 Ra2 25. Bd1 Nb3 26. Rd6 Rb2 27. Re1 g5 28. Kg1 Rb8 29. h4 h6 30. hxg5 hxg5 31. Be2 Rxb4 32. Bf1 Nd2 33. f3 Nxf1 34. Rxf1 Kg7 35. Rf2 Kf6 36. Rxb2 Rxb2 37. Kh2 Ke5 38. Ra6 Kf4 39. Ra5 g4 40. fxg4 Bxg4 41. e5 Bf3 42. Ra4+ Be4 43. e6 fxe6 0-1

[Event "ESP-ch 84th"]
[Site "Marbella"]
[Date "2019.11.23"]
[Round "8"]
[White "Pazos Porta, Antonio"]
[Black "Larino Nieto, David"]
[Result "0-1"]
[WhiteElo "2345"]
[BlackElo "2473"]
[PlyCount "82"]
[EventDate "2019.11.16"]
[EventType "swiss"]
[EventRounds "9"]
[EventCountry "ESP"]
[SourceTitle "CBM 193 Extra"]
[Source "ChessBase"]
[SourceDate "2020.01.31"]
[SourceVersion "1"]
[SourceVersionDate "2020.01.31"]
[SourceQuality "1"]

1. e4 e5 2. Nf3 Nc6 3. Bb5 Nf6 4. d3 d6 5. c3 g6 6. Nbd2 Bg7 7. 0-0 0-0 8. Re1 a6 9. Ba4 b5 10. Bb3 Na5 11. Bc2 c5 12. Nf1 h6 13. Ne3 Bb7 14. h3 Kh7 15. Ng4 Nxg4 16. hxg4 d5 17. Qe2 d4 18. cxd4 exd4 19. g5 f6 20. gxh6 Bxh6 21. Bxh6 Kxh6 22. e5 Ra7 23. exf6 Bxf3 24. Qxf3 Qxf6 25. Qh3+ Kg7 26. Re2 Re7 27. Qg4 Rfe8 28. Rae1 Nc6 29. Rxe7+ Rxe7 30. Rxe7+ Qxe7 31. Bb3 Na5 32. Qc8 c4 33. dxc4 Nxb3 34. axb3 d3 35. cxb5 Qe1+ 36. Kh2 Qe5+ 37. Kh3 Qd4 38. Qc7+ Kh6 39. Qc1+ d2 40. Qd1 Qxf2 41. Qg4 Qf5 0-1

[Event "ESP-ch 84th"]
[Site "Marbella"]
[Date "2019.11.19"]
[Round "4"]
[White "Espinosa Aranda, Angel"]
[Black "Pazos Porta, Antonio"]
[Result "1-0"]
[WhiteElo "2511"]
[BlackElo "2345"]
[PlyCount "89"]
[EventDate "2019.11.16"]
[EventType "swiss"]
[EventRounds "9"]
[EventCountry "ESP"]
[SourceTitle "CBM 193 Extra"]
[Source "ChessBase"]
[SourceDate "2020.01.31"]
[SourceVersion "1"]
[SourceVersionDate "2020.01.31"]
[SourceQuality "1"]

1. d4 Nf6 2. Nf3 g6 3. c4 Bg7 4. Nc3 d6 5. e4 Bg4 6. Be2 Nfd7 7. Be3 c5 8. d5 a6 9. Qd2 Qa5 10. 0-0 0-0 11. a4 Bxf3 12. gxf3 f5 13. Kh1 Qb4 14. exf5 Rxf5 15. f4 Nf6 16. a5 b5 17. cxb5 axb5 18. Nxb5 Na6 19. Qc2 Nxd5 20. Bc4 Rb8 21. Qd3 Kh8 22. Bxd5 Rxd5 23. Qxd5 Qxb5 24. Qe4 Nb4 25. Bd2 d5 26. Qxe7 Re8 27. Qg5 Nc2 28. Qxd5 Nxa1 29. Rxa1 Bxb2 30. Rb1 Qa6 31. Be3 Bg7 32. Qxc5 Qd3 33. Qb5 Qe4+ 34. Kg1 g5 35. Rb4 Qe6 36. f5 Qe7 37. a6 Bc3 38. Ra4 Rd8 39. a7 Qf8 40. Qc6 Qxf5 41. Qxc3+ Kg8 42. Qc4+ Kg7 43. Qc7+ Rd7 44. Qxd7+ Qxd7 45. a8Q 1-0

[Event "ESP-ch 84th"]
[Site "Marbella"]
[Date "2019.11.18"]
[Round "3"]
[White "Pazos Porta, Antonio"]
[Black "Santos Ruiz, Miguel"]
[Result "1/2-1/2"]
[WhiteElo "2345"]
[BlackElo "2583"]
[PlyCount "60"]
[EventDate "2019.11.16"]
[EventType "swiss"]
[EventRounds "9"]
[EventCountry "ESP"]
[SourceTitle "CBM 193 Extra"]
[Source "ChessBase"]
[SourceDate "2020.01.31"]
[SourceVersion "1"]
[SourceVersionDate "2020.01.31"]
[SourceQuality "1"]

1. c4 Nf6 2. Nc3 e5 3. Nf3 Nc6 4. e3 g6 5. d4 d6 6. Be2 Bg7 7. dxe5 Nxe5 8. Nxe5 dxe5 9. Qxd8+ Kxd8 10. b3 Be6 11. Ba3 Bf8 12. 0-0-0+ Nd7 13. Bxf8 Rxf8 14. Ne4 Ke7 15. Ng5 Rfd8 16. Nxe6 Kxe6 17. Kc2 f5 18. f4 Nf6 19. Bf3 e4 20. Be2 c5 21. h3 h5 22. h4 Rd6 23. Rxd6+ Kxd6 24. Rd1+ Kc7 25. Kc3 a5 26. a4 Ra6 27. Rd2 Rd6 28. Rxd6 Kxd6 29. Kd2 b6 30. Kc3 Nd7 1/2-1/2

[Event "ESP-ch 84th"]
[Site "Marbella"]
[Date "2019.11.16"]
[Round "1"]
[White "Pazos Porta, Antonio"]
[Black "Lopez Capape, Armando"]
[Result "1-0"]
[WhiteElo "2345"]
[BlackElo "1833"]
[PlyCount "117"]
[EventDate "2019.11.16"]
[EventType "swiss"]
[EventRounds "9"]
[EventCountry "ESP"]
[SourceTitle "CBM 193 Extra"]
[Source "ChessBase"]
[SourceDate "2020.01.31"]
[SourceVersion "1"]
[SourceVersionDate "2020.01.31"]
[SourceQuality "1"]

1. c4 e6 2. g3 d5 3. Bg2 c6 4. b3 Nf6 5. Nf3 Nbd7 6. Bb2 b6 7. 0-0 Be7 8. Nc3 Bb7 9. e3 0-0 10. Qe2 Rc8 11. Rac1 Rc7 12. d3 Qa8 13. e4 dxe4 14. dxe4 Rd8 15. e5 Ne8 16. Ne4 c5 17. Rfe1 Bxe4 18. Qxe4 Qxe4 19. Rxe4 Nb8 20. Bc3 Rcd7 21. Re2 Nc6 22. Kf1 Nc7 23. Ne1 Nb4 24. Be4 Rd1 25. Rxd1 Rxd1 26. a3 Nba6 27. Bd3 f6 28. Ra2 fxe5 29. Ke2 Rxd3 30. Kxd3 Bf6 31. Re2 Nb8 32. Bxe5 Bxe5 33. Rxe5 Nc6 34. Re3 Nd4 35. b4 Kf7 36. Nf3 Nf5 37. Re1 h6 38. Ne5+ Kf6 39. bxc5 bxc5 40. Nd7+ Ke7 41. Nxc5 Kd6 42. Ne4+ Kc6 43. f4 Ne7 44. Nd2 Nc8 45. Nb3 Nd6 46. Nd4+ Kd7 47. c5 Nde8 48. Rb1 a6 49. Rb8 g5 50. fxg5 hxg5 51. h4 gxh4 52. gxh4 e5 53. Nf3 Ke6 54. Ng5+ Kf5 55. Rc8 Kg4 56. Ne4 Kxh4 57. Nd6 e4+ 58. Nxe4 Kg4 59. Nd6 1-0

[Event "Pontevedra op 7th"]
[Site "Pontevedra"]
[Date "2019.08.13"]
[Round "8"]
[White "Petkov, Vladimir"]
[Black "Pazos Porta, Antonio"]
[Result "1-0"]
[WhiteElo "2504"]
[BlackElo "2333"]
[PlyCount "63"]
[EventDate "2019.08.08"]
[EventType "swiss"]
[EventRounds "9"]
[EventCountry "ESP"]
[SourceTitle "CBM 191 Extra"]
[Source "ChessBase"]
[SourceDate "2019.09.30"]
[SourceVersion "1"]
[SourceVersionDate "2019.09.30"]
[SourceQuality "1"]

1. d4 Nf6 2. c4 d6 3. Nf3 g6 4. Nc3 Bg7 5. Bg5 h6 6. Bh4 0-0 7. e3 c5 8. Be2 g5 9. Bg3 Nh5 10. d5 Bf5 11. Nd2 Nxg3 12. hxg3 e6 13. Bg4 Bxg4 14. Qxg4 f5 15. Qh5 e5 16. g4 Qd7 17. gxf5 Qxf5 18. Nce4 Na6 19. g4 Qh7 20. a3 b5 21. Nxg5 Qd3 22. Nge4 Rxf2 23. Kxf2 Rf8+ 24. Ke1 Qxe3+ 25. Kd1 Qd4 26. g5 Qxb2 27. Rb1 Qxa3 28. gxh6 Qa4+ 29. Ke2 Rf4 30. Qe8+ Bf8 31. Qg6+ Kh8 32. Nf6 1-0

[Event "Pontevedra op 7th"]
[Site "Pontevedra"]
[Date "2019.08.10"]
[Round "3"]
[White "Pazos Porta, Antonio"]
[Black "Silva, Mariana Sofia Teixe"]
[Result "1-0"]
[WhiteElo "2333"]
[BlackElo "1901"]
[PlyCount "73"]
[EventDate "2019.08.08"]
[EventType "swiss"]
[EventRounds "9"]
[EventCountry "ESP"]
[SourceTitle "EXT 2020"]
[Source "ChessBase"]
[SourceDate "2019.10.17"]
[SourceVersion "1"]
[SourceVersionDate "2019.10.17"]
[SourceQuality "1"]

1. e4 c5 2. Nf3 g6 3. Nc3 Nc6 4. g3 Bg7 5. Bg2 d6 6. d3 Rb8 7. a4 a6 8. Be3 Nf6 9. h3 0-0 10. Qd2 b5 11. axb5 axb5 12. Bh6 b4 13. Ne2 Bd7 14. Nh2 Ra8 15. 0-0 Qb6 16. Bxg7 Kxg7 17. g4 Ra7 18. g5 Ne8 19. Rxa7 Qxa7 20. f4 f5 21. exf5 Rxf5 22. Ng4 c4+ 23. Kh2 cxd3 24. Qxd3 Ra5 25. Nh6 Nc7 26. f5 Qc5 27. fxg6 Ne5 28. Qg3 hxg6 29. Nf4 Qxc2 30. Rf2 Qb1 31. Qb3 d5 32. Qxb4 Nc6 33. Qc3+ e5 34. Nxd5 Nxd5 35. Bxd5 Rxd5 36. Qf3 Bf5 37. Qxd5 1-0

[Event "POR-chT"]
[Site "Evora"]
[Date "2019.07.18"]
[Round "5.1"]
[White "Santos Latasa, Jaime"]
[Black "Pazos Porta, Antonio"]
[Result "1-0"]
[WhiteElo "2594"]
[BlackElo "2340"]
[PlyCount "71"]
[EventDate "2019.07.15"]
[EventType "team-tourn"]
[EventRounds "9"]
[EventCountry "POR"]
[SourceTitle "CBM 191 Extra"]
[Source "ChessBase"]
[SourceDate "2019.09.30"]
[SourceVersion "1"]
[SourceVersionDate "2019.09.30"]
[SourceQuality "1"]
[WhiteTeam "Montemor o Novo"]
[BlackTeam "O Amanha da Crianca"]
[WhiteTeamCountry "POR"]
[BlackTeamCountry "POR"]

1. d4 Nf6 2. c4 g6 3. Nc3 Bg7 4. e4 d6 5. h3 0-0 6. Be3 e5 7. d5 Na6 8. g4 Nd7 9. Nf3 f5 10. gxf5 gxf5 11. exf5 Ndc5 12. a3 Bxf5 13. Rg1 Kh8 14. b4 Ne4 15. Nxe4 Bxe4 16. Ng5 Bf5 17. Bd3 Qf6 18. Bxf5 Qxf5 19. Qg4 Bh6 20. Ne6 Qxg4 21. Rxg4 Rf6 22. Ke2 Bxe3 23. fxe3 Rg8 24. Rxg8+ Kxg8 25. Rg1+ Kh8 26. Nd8 Nb8 27. Nxb7 Nd7 28. Nd8 e4 29. Rg4 Ne5 30. Rxe4 Rg6 31. Nc6 Rg2+ 32. Kf1 Rc2 33. Nxe5 dxe5 34. c5 Ra2 35. Rxe5 Rxa3 36. Re7 1-0